000
00289nam a22001217a 4500
040
_c
NUST
082
_a
869.342 COE
100
_a
Coelho, Paulo
_9
3636
245
_a
The Devil and Miss Prym
260
_a
New York:
_b
HarperCollins,
_c
2000.
650
_a
English Fiction
942
_2
ddc
_c
BK
999
_c
594872
_d
594872